000 00410nam a2200181Ia 4500
001 13172
005 20260306163034.0
008 260306t1992||||xx |||||||||||||| ||spa||
041 _aESP
082 _a001.4
_bZ86
100 _aZorrilla Arena, Santiago
_eAUT
245 0 _aGuía para elaborar la tesis
260 _c1992
300 _a
_c
650 _aGEN
654 _aCHU
942 _cLIB
_dJUS
_fJUS
_2ddc
_n
999 _c13172
_d13172